000 00421nam a22001697a 4500
003 LK-CoMWRAF
005 20230928053755.0
008 230928b |||||||| |||| 00| 0 eng d
040 _aLK-CoMWRAF
_dLK-CoMWRAF
_eLK-CoMWRAF
041 _aeng
082 _a297
_bSIR
100 _aSirajuddin, Mohd.
245 _aMuslim faith and practice
260 _aNew Delhi :
_bKitab bhavan
650 _aMuslim--Faith
942 _cBK
999 _c3710
_d3710